[Event "Stockholm IM"]
[Site "Stockholm"]
[Date "2000.06.10"]
[Round "1"]
[White "Ahlander, Bjorn"]
[Black "Matros, Alexander"]
[Result "1/2-1/2"]
[WhiteElo "2434"]
[BlackElo "2413"]
[PlyCount "69"]
[EventDate "2000.06.10"]
[Source "ChessBase"]
[SourceDate "2000.07.11"]

1. d4 d5 2. c4 e6 3. Nc3 c6 4. e3 Nf6 5. Nf3 Nbd7 6. Bd3 dxc4 7. Bxc4 a6 8. O-O b5 9. Be2 Bb7 10. e4 b4 11. e5 bxc3 12. exf6 Nxf6 13. bxc3 Bd6 14. Qb3 Rb8 15. Bg5 O-O 16. Qa4 Qc7 17. Bxf6 gxf6 18. Bd3 Rfd8 19. Rfe1 c5 20. Be4 Bxe4 21. Rxe4 Qb7 22. Ree1 Be7 23. Qc2 cxd4 24. cxd4 a5 25. Rab1 Qd5 26. Rxb8 Rxb8 27. Rb1 Rxb1+ 28. Qxb1 Qc4 29. Qb8+ Bf8 30. Qg3+ Kh8 31. Qf4 Be7 32. Qb8+ Kg7 33. Qg3+ Kf8 34. Qb8+ Kg7 35. Qg3+ 1/2-1/2

[Event "Boeblingen op"]
[Site "Boeblingen"]
[Date "1999.??.??"]
[Round "?"]
[White "Schlamp, Robert"]
[Black "Haba, Petr"]
[Result "1/2-1/2"]
[WhiteElo "2292"]
[BlackElo "2544"]
[PlyCount "84"]
[EventDate "1999.12.??"]
[Source "www.chesslib.no"]
[SourceDate "2004.05.04"]

1. c4 e6 2. Nc3 d5 3. d4 c6 4. e3 Nd7 5. Nf3 Ngf6 6. Be2 dxc4 7. Bxc4 b5 8. Be2 Bb7 9. O-O a6 10. b3 c5 11. Bb2 Qb8 12. a4 b4 13. Nb1 cxd4 14. exd4 Be7 15. Nbd2 O-O 16. Nc4 Rd8 17. Rc1 Bd5 18. Re1 a5 19. Ne3 Bb7 20. Bb5 Ne4 21. Nc4 Ndf6 22. Nfe5 Nc3 23. Bxc3 bxc3 24. Re3 Qa7 25. Rexc3 Rxd4 26. Qe2 Rad8 27. Bc6 Bb4 28. R3c2 h6 29. h3 Ne4 30. Qh5 Rf8 31. Ne3 Bd2 32. Bxe4 Bxc1 33. Bxb7 Bxe3 34. fxe3 Rf4 35. Nc6 Qxe3+ 36. Kh2 Qxb3 37. Ne7+ Kh7 38. Rc7 Qb6 39. Qe5 Rf1 40. Be4+ Kh8 41. Ng6+ Kg8 42. Ne7+ Kh8 1/2-1/2

[Event "RUS Ch"]
[Site "Orel"]
[Date "1992.??.??"]
[Round "?"]
[White "Tunik, Gennady"]
[Black "Tregubov, Pavel V"]
[Result "0-1"]
[WhiteElo "2450"]
[BlackElo "2385"]
[PlyCount "146"]
[EventDate "1992.??.??"]
[Source "www.chesslib.no"]
[SourceDate "2004.05.04"]

1. d4 d5 2. c4 c6 3. Nc3 e6 4. e3 Nd7 5. Bd3 Ngf6 6. Nf3 dxc4 7. Bxc4 b5 8. Be2 Be7 9. a3 Bb7 10. b4 a5 11. Rb1 axb4 12. axb4 Nd5 13. Nxd5 exd5 14. O-O O-O 15. Ne1 Nb6 16. Nd3 Bc8 17. Bg4 Bd6 18. g3 Nc4 19. Re1 Re8 20. Bb2 Ra4 21. Bc3 Ra3 22. Rc1 h6 23. Qf3 Re7 24. Rc2 Qe8 25. Bxc8 Qxc8 26. Nc5 Bxc5 27. dxc5 Qe6 28. Ra1 Rea7 29. Rxa3 Rxa3 30. Qf4 Qg6 31. Rc1 f6 32. Bd4 Ra2 33. Kg2 Qd3 34. h4 Nd2 35. Qg4 Kh7 36. h5 Qe4+ 37. Kh3 Nf3 38. Qxe4+ dxe4 39. g4 Rxf2 40. Kg3 Rd2 41. Bc3 Re2 42. Kf4 Ng5 43. Be1 Rg2 44. Ra1 Rg1 45. Bc3 Nh3+ 46. Kf5 Rg3 47. Kxe4 Rxg4+ 48. Kd3 Rc4 49. Bd4 Nf2+ 50. Ke2 Rc2+ 51. Kf3 Nd3 52. Ra7 Rf2+ 53. Kg3 Rf5 54. e4 Rg5+ 55. Kf3 Ne5+ 56. Bxe5 Rxe5 57. Rc7 Rxh5 58. Rxc6 Rh3+ 59. Kf4 Rb3 60. e5 Rxb4+ 61. Kf5 fxe5 62. Kxe5 h5 63. Rb6 h4 64. c6 h3 65. c7 Rc4 66. Rxb5 h2 67. Rb1 Rxc7 68. Kf4 Rc6 69. Rh1 Rh6 70. Kg5 Kg8 71. Kg4 Kf7 72. Kg5 Ke6 73. Kf4 Kf6 0-1

[Event "URS-ch U26"]
[Site "Kherson"]
[Date "1991.??.??"]
[Round "?"]
[White "Aleksandrov, Aleksej"]
[Black "Kharlov, Andrei"]
[Result "0-1"]
[WhiteElo "2370"]
[BlackElo "2450"]
[PlyCount "58"]
[EventDate "1991.??.??"]
[Source "ChessBase"]

1. d4 d5 2. c4 e6 3. Nc3 c6 4. e3 Nd7 5. Nf3 Ngf6 6. Bd3 dxc4 7. Bxc4 b5 8. Bd3 Bb7 9. a3 b4 10. Na4 bxa3 11. bxa3 c5 12. dxc5 Nxc5 13. Bb5+ Ncd7 14. Bb2 Qa5+ 15. Nc3 a6 16. Ba4 Rb8 17. Qc2 Bd6 18. Rd1 Ke7 19. Bxd7 Nxd7 20. Qd2 Qc7 21. Nd4 Ne5 22. Qe2 Bxg2 23. Rg1 Bf3 24. Nxf3 Rxb2 25. Qxb2 Nxf3+ 26. Ke2 Rb8 27. Qa1 Nxg1+ 28. Rxg1 Be5 29. Rc1 Qc4+ 0-1

[Event "Olimpiadi 2008 - fem"]
[Site "Dresda GER"]
[Date "2008.11.19"]
[Round "6"]
[White "Sachdev, T."]
[Black "Zimina, O."]
[Result "0-1"]
[WhiteElo "2425"]
[BlackElo "2368"]
[PlyCount "86"]
[EventDate "2008.11.13"]
[Source "www.chesslib.no"]
[SourceDate "2004.05.04"]

1. d4 d5 2. c4 e6 3. Nf3 c6 4. e3 Nd7 5. Nc3 Ngf6 6. Bd3 dxc4 7. Bxc4 b5 8. Bd3 Bb7 9. e4 b4 10. Na4 c5 11. e5 Nd5 12. Nxc5 Nxc5 13. dxc5 Bxc5 14. Bb5+ Ke7 15. O-O h6 16. Bd2 Qb6 17. Be2 Rac8 18. a3 a5 19. axb4 axb4 20. Qb1 Ra8 21. Rxa8 Bxa8 22. Ne1 Bb7 23. Nd3 Ba6 24. Nc1 Bd4 25. Bxa6 Qxa6 26. Qe4 Qb6 27. Nd3 Rc8 28. Qh7 Rc2 29. Bc1 Qb5 30. Rd1 b3 31. h3 Bxe5 32. Nxe5 Qe2 33. Ng6+ Kf6 34. Rf1 fxg6 35. Qg8 g5 36. Be3 Nf4 37. Qb8 Qc4 38. Qd8+ Kg6 39. Bxf4 gxf4 40. Re1 Kh7 41. Qd6 Rxb2 42. Qxe6 Qxe6 43. Rxe6 Rc2 0-1

[Event "Hengelo NED, Young Masters 05"]
[Site "?"]
[Date "2005.08.09"]
[Round "4"]
[White "Motoc Alina"]
[Black "Kharitonov Alexandr"]
[Result "1/2-1/2"]
[WhiteElo "2270"]
[BlackElo "2519"]
[PlyCount "259"]
[EventDate "2005.??.??"]
[Source "www.chesslib.no"]
[SourceDate "2004.05.04"]

1. d4 d5 2. c4 c6 3. Nc3 Nf6 4. e3 e6 5. Nf3 Nbd7 6. Bd3 dxc4 7. Bxc4 Bd6 8. Bd3 b5 9. O-O O-O 10. Qc2 Bb7 11. Ng5 Bxh2+ 12. Kxh2 Ng4+ 13. Kg1 Qxg5 14. f3 Ngf6 15. e4 Qh4 16. Be3 Nh5 17. Ne2 e5 18. d5 cxd5 19. exd5 Bxd5 20. Bxh7+ Kh8 21. Qd2 Kxh7 22. Qxd5 Nhf6 23. Qxb5 Kg8 24. Bf2 Qh7 25. Qa4 e4 26. fxe4 Ng4 27. Bg3 Nc5 28. Rf4 Nxe4 29. Qc4 Nxg3 30. Rxg4 Rac8 31. Qb5 Qh1+ 32. Kf2 Ne4+ 33. Rxe4 Qxa1 34. Rh4 Rfe8 35. Qh5 Qxa2 36. Re4 Qd5 37. Rxe8+ Rxe8 38. Kg1 Rxe2 39. Qxe2 Qf5 40. Qe1 Kh7 41. Qe3 a5 42. Qe1 Qc5+ 43. Kh1 g6 44. Qd2 Kg7 45. Kh2 Qb6 46. Qc3+ f6 47. Qd2 Qc7+ 48. Kh1 Qc5 49. Qd7+ Kh6 50. Qd2+ g5 51. Kh2 Qc7+ 52. Kh1 Qb6 53. Qe2 Qd4 54. g3 Qe5 55. Qf2 Qe4+ 56. Kh2 Kg6 57. Qd2 Qb4 58. Qc2+ Kf7 59. Qe2 Qd4 60. Qc2 a4 61. Qc7+ Ke6 62. Qc6+ Kf5 63. Qc2+ Ke5 64. Qe2+ Kd5 65. Qb5+ Ke4 66. Qe2+ Qe3 67. Qc2+ Ke5 68. Qxa4 Qf2+ 69. Kh3 Qxb2 70. Qe8+ Kf5 71. Qd7+ Ke4 72. Qe6+ Qe5 73. Qc4+ Ke3 74. Qc1+ Kf2 75. Qc2+ Qe2 76. Qc5+ Kf1 77. Qc1+ Qe1 78. Qc6 Qe5 79. Qg2+ Ke1 80. Qg1+ Ke2 81. Qg2+ Ke3 82. Qg1+ Ke4 83. Qb1+ Kd5 84. Qb3+ Kd6 85. Qb6+ Ke7 86. Qb7+ Ke6 87. Qb3+ Qd5 88. Qb6+ Kf5 89. Qb1+ Ke6 90. Qb6+ Kf7 91. Qb1 Kg7 92. Qe1 Kh6 93. Qc1 Qe6+ 94. Kh2 Qe2+ 95. Kh3 Kh5 96. Qc5 Qf1+ 97. Kh2 f5 98. Qd4 Qe2+ 99. Kg1 Qe4 100. Qd1+ Qg4 101. Qe1 Qd4+ 102. Kh2 Qb2+ 103. Kh1 Kg4 104. Qf2 Qh8+ 105. Kg1 Qh3 106. Qd4+ Kxg3 107. Qe5+ Kg4 108. Qd4+ f4 109. Qd7+ Kg3 110. Qd3+ Kh4 111. Qh7+ Kg4 112. Qd7+ Kg3 113. Qd3+ f3 114. Qxf3+ Kh4 115. Qf6 Qe3+ 116. Kg2 Qe2+ 117. Kg1 Qe3+ 118. Kg2 Kg4 119. Qd8 Qe4+ 120. Kh2 Qe2+ 121. Kh1 Kh3 122. Qd7+ Kg3 123. Qd6+ Kf3 124. Qd5+ Qe4 125. Qxe4+ Kxe4 126. Kg2 Kf4 127. Kf2 g4 128. Kg2 g3 129. Kg1 Ke3 130. Kg2 1/2-1/2

[Event "Gran Canaria op"]
[Site "Las Palmas"]
[Date "1997.??.??"]
[Round "?"]
[White "Gonzalez, Manuel"]
[Black "Korneev, Oleg"]
[Result "0-1"]
[WhiteElo "2220"]
[BlackElo "2565"]
[PlyCount "82"]
[EventDate "1997.??.??"]
[Source "www.chesslib.no"]
[SourceDate "2004.05.04"]

1. d4 d5 2. c4 e6 3. Nf3 Nf6 4. Nc3 c6 5. e3 Nbd7 6. Be2 dxc4 7. Bxc4 b5 8. Bb3 b4 9. Ne2 Ba6 10. Nf4 Bd6 11. e4 e5 12. Bxf7+ Kxf7 13. Qb3+ Ke8 14. dxe5 Bxe5 15. Ne6 Qe7 16. Bg5 Rc8 17. O-O-O Nc5 18. Nxc5 Qxc5+ 19. Kb1 Bc4 20. Rc1 Bxb3 21. Rxc5 Bd6 22. Rcc1 Be6 23. e5 Be7 24. exf6 gxf6 25. Be3 c5 26. b3 Rg8 27. Rhg1 Bd5 28. Rce1 Kf7 29. Nd2 Rxg2 30. Rxg2 Bxg2 31. Bf4 Bd5 32. Ne4 Rc6 33. Kc2 Re6 34. f3 f5 35. Ng5+ Bxg5 36. Rxe6 Bxf4 37. Ra6 Bxf3 38. Rxa7+ Kg6 39. h3 Be4+ 40. Kd1 Be3 41. Ke2 f4 0-1

[Event "Mind Sports Games - Blitz Team"]
[Site "Pechino CINA"]
[Date "2008.10.13"]
[Round "8"]
[White "Mrva, Mart"]
[Black "Battulga, N."]
[Result "0-1"]
[WhiteElo "2467"]
[BlackElo "2317"]
[PlyCount "57"]
[EventDate "2008.10.13"]
[Source "www.chesslib.no"]
[SourceDate "2004.05.04"]

1. Nf3 d5 2. d4 e6 3. c4 Nf6 4. Nc3 c6 5. e3 Nbd7 6. Be2 dxc4 7. Bxc4 b5 8. Be2 Bb7 9. O-O a6 10. Ng5 c5 11. Bf3 Bxf3 12. Qxf3 cxd4 13. exd4 h6 14. Nge4 Be7 15. Qg3 Kf8 16. Be3 Nb6 17. Nxf6 Bxf6 18. Rac1 g6 19. d5 Nxd5 20. Nxd5 Qxd5 21. Rfd1 Qe5 22. Qf3 Kg7 23. Bf4 Qxb2 24. Rc7 Rac8 25. Rb7 Rhd8 26. Rf1 Rc3 27. Bxh6+ Kxh6 28. Qxf6 Rf8 29. Qe7 0-1

[Event "YUG-ch sf"]
[Site "?"]
[Date "1996.??.??"]
[Round "?"]
[White "Mujagic Ramo"]
[Black "Karaklajic Nikola"]
[Result "0-1"]
[WhiteElo "2380"]
[BlackElo "2400"]
[PlyCount "190"]
[EventDate "1996.??.??"]
[Source "www.chesslib.no"]
[SourceDate "2004.05.04"]

1. Nf3 d5 2. c4 e6 3. d4 Nf6 4. Nc3 c6 5. e3 Nbd7 6. Bd3 dxc4 7. Bxc4 a6 8. a4 b5 9. Bd3 Bb7 10. O-O b4 11. Ne4 c5 12. Nxf6+ Nxf6 13. Qe2 Qb8 14. Ne5 Bd6 15. f4 O-O 16. b3 cxd4 17. exd4 g6 18. Bd2 Rd8 19. Rae1 Bd5 20. Nc4 Bf8 21. Be3 a5 22. Rb1 Bg7 23. Ne5 Qb7 24. Rb2 Ne4 25. Re1 Nd6 26. h4 Be4 27. Rc2 Nf5 28. Rec1 Ng3 29. Qf2 Bxd3 30. Nxd3 Nf5 31. Ne5 Qe4 32. Re2 Nxd4 33. Bxd4 Qxd4 34. Rc4 Qxf2+ 35. Kxf2 Bxe5 36. Rxe5 Rd3 37. Re3 Rad8 38. Rxd3 Rxd3 39. Rc5 Rxb3 40. Rxa5 Ra3 41. g3 Kg7 42. Ra7 h6 43. a5 g5 44. hxg5 hxg5 45. fxg5 Kg6 46. Rb7 Rxa5 47. Rxb4 Kxg5 48. Rc4 e5 49. Rc7 Ra2+ 50. Kf3 f5 51. Rg7+ Kf6 52. Rg8 Ra7 53. Rf8+ Kg6 54. Rg8+ Kf7 55. Rb8 Ra3+ 56. Kf2 Rd3 57. Rb6 Ke7 58. Rh6 Rd6 59. Rh7+ Ke6 60. Rh8 Rd3 61. Rf8 Rc3 62. Rd8 Rb3 63. Rd2 Rb8 64. Ra2 Kf6 65. Ra7 Rb2+ 66. Ke3 Rg2 67. Kf3 Rc2 68. Ke3 Rc8 69. Rb7 Rc3+ 70. Kf2 e4 71. Rb8 Rf3+ 72. Kg2 Ke5 73. Rb5+ Kd4 74. Ra5 Kc4 75. Ra4+ Kd5 76. Ra5+ Ke6 77. Ra6+ Ke5 78. Ra5+ Kf6 79. Ra8 Rd3 80. Re8 Rd2+ 81. Kf1 Kg5 82. Rg8+ Kh5 83. Kg1 Rd6 84. Kf2 Rg6 85. Rh8+ Kg4 86. Rh4+ Kg5 87. Rh8 Rg7 88. Kg2 Rd7 89. Rg8+ Kf6 90. Kf2 Rd2+ 91. Kf1 Ke5 92. Rf8 e3 93. Re8+ Kd4 94. Re7 Kd3 95. Re5 Rd1+ 0-1

[Event "sf ch-NED, Leeuwarden NED (1.1)"]
[Site "?"]
[Date "2001.??.??"]
[Round "?"]
[White "Tondivar, B."]
[Black "Van der Werf, M."]
[Result "1/2-1/2"]
[WhiteElo "2325"]
[BlackElo "2435"]
[PlyCount "102"]
[EventDate "2001.??.??"]
[Source "www.chesslib.no"]
[SourceDate "2004.05.04"]

1. d4 d5 2. c4 e6 3. Nc3 c6 4. e3 Nd7 5. Bd3 Ngf6 6. Nf3 dxc4 7. Bxc4 b5 8. Be2 b4 9. Na4 Qa5 10. O-O Ba6 11. Bxa6 Qxa6 12. Bd2 Be7 13. a3 bxa3 14. b4 Rb8 15. Nc5 Bxc5 16. bxc5 O-O 17. Bc1 Rb7 18. Qc2 Rb5 19. Rxa3 Ra5 20. Rxa5 Qxa5 21. Nd2 Rb8 22. Nc4 Qa6 23. Bd2 h6 24. Nd6 Qa3 25. Rb1 Rxb1+ 26. Qxb1 Qa6 27. h3 Nd5 28. e4 Nc7 29. Qb7 Qxb7 30. Nxb7 e5 31. dxe5 Ne6 32. f4 Nexc5 33. Nxc5 Nxc5 34. Be3 Nxe4 35. Bxa7 Kf8 36. Kf1 Ke7 37. Ke2 Ke6 38. Ke3 Kd5 39. Bb8 Ng3 40. Kf3 Nf5 41. g4 Nd4+ 42. Ke3 c5 43. f5 Nc6 44. Bd6 g5 45. fxg6 fxg6 46. Bf8 h5 47. gxh5 gxh5 48. e6 Kxe6 49. Bxc5 Kf5 50. Kf3 h4 51. Bf2 Ne5+ 1/2-1/2

[Event "Copenhagen Open"]
[Site "Copenhagen DEN"]
[Date "1991.??.??"]
[Round "8"]
[White "Danielsen, Henrik"]
[Black "Ciric, Dragoljub M"]
[Result "0-1"]
[WhiteElo "2375"]
[BlackElo "2380"]
[PlyCount "46"]
[EventDate "1991.06.??"]
[Source "www.chesslib.no"]
[SourceDate "2004.05.04"]

1. d4 d5 2. c4 e6 3. Nc3 Nf6 4. Nf3 c6 5. e3 Nbd7 6. Bd3 dxc4 7. Bxc4 a6 8. e4 c5 9. e5 Ng4 10. Ng5 cxd4 11. Nxf7 Qh4 12. g3 Qh5 13. Nxh8 dxc3 14. f4 cxb2 15. Bxb2 Bb4+ 16. Ke2 Ngxe5+ 17. Kf2 Qxd1 18. Rhxd1 Nxc4 19. Bxg7 b5 20. g4 Nc5 21. Kg3 Bd7 22. Kh4 Bd2 23. Bh6 Bc3 0-1

[Event "Balatonlelle HUN"]
[Site "?"]
[Date "2006.06.25"]
[Round "9.12"]
[White "Banusz Tamas"]
[Black "Felegyhazi Laszlo"]
[Result "1/2-1/2"]
[WhiteElo "2460"]
[BlackElo "2282"]
[PlyCount "97"]
[EventDate "2006.??.??"]
[Source "www.chesslib.no"]
[SourceDate "2004.05.04"]

1. Nf3 d5 2. d4 c6 3. c4 Nf6 4. Nc3 e6 5. e3 Nbd7 6. Bd3 dxc4 7. Bxc4 a6 8. e4 b5 9. Bd3 b4 10. Na4 c5 11. e5 Nd5 12. O-O cxd4 13. Re1 Bb7 14. Ng5 g6 15. Qf3 Qe7 16. Qg3 Bg7 17. h4 Bc6 18. b3 Bxa4 19. bxa4 Nc5 20. Ne4 Nxd3 21. Nd6+ Qxd6 22. exd6 Nxe1 23. Bb2 Nc2 24. Rc1 Na3 25. Rc5 O-O 26. h5 Nb1 27. h6 Bh8 28. d7 Rad8 29. Qd3 Nbc3 30. Qxa6 Rxd7 31. Rc8 Rdd8 32. Rxd8 Rxd8 33. Bc1 Bf6 34. a5 Nxa2 35. Bd2 b3 36. Qb7 Ndb4 37. Bxb4 d3 38. Bd2 b2 39. Qb6 Nc3 40. Bxc3 d2 41. Bxd2 Rxd2 42. Kh2 Be5+ 43. Kh3 Rd1 44. Qb5 Rh1+ 45. Kg4 f5+ 46. Kf3 Kf8 47. Qd7 Bf6 48. Qc8+ Kf7 49. Qb7+ 1/2-1/2

[Event "Nigran op"]
[Site "?"]
[Date "1996.??.??"]
[Round "?"]
[White "Nedobora Mikhail"]
[Black "Alonso Martinez Tomas"]
[Result "1-0"]
[WhiteElo "2480"]
[BlackElo "2260"]
[PlyCount "57"]
[EventDate "1996.??.??"]
[Source "www.chesslib.no"]
[SourceDate "2004.05.04"]

1. d4 d5 2. c4 e6 3. Nf3 c6 4. e3 Nd7 5. Nc3 Ngf6 6. Bd3 dxc4 7. Bxc4 b5 8. Bd3 b4 9. Na4 Be7 10. e4 c5 11. e5 Nd5 12. O-O cxd4 13. Re1 Nc5 14. Nxc5 Bxc5 15. Ng5 Qd7 16. Qh5 g6 17. Qh3 Bb7 18. Bd2 Bb6 19. Rac1 Rc8 20. Rxc8+ Bxc8 21. Qh6 Qe7 22. Rc1 Bd7 23. Ne4 Qf8 24. Nd6+ Kd8 25. Qh4+ f6 26. Bh6 Qe7 27. exf6 Qxd6 28. f7+ Ne7 29. Qf6 1-0

[Event "HUN-chT1 9596"]
[Site "HUN"]
[Date "1995.??.??"]
[Round "4"]
[White "Fancsy, Imre"]
[Black "Bogumil, Pavel"]
[Result "1/2-1/2"]
[WhiteElo "2365"]
[BlackElo "2370"]
[PlyCount "21"]
[EventDate "1995.??.??"]
[Source "www.chesslib.no"]
[SourceDate "2004.05.04"]

1. Nf3 d5 2. c4 c6 3. e3 Nf6 4. Nc3 e6 5. d4 Nbd7 6. Be2 dxc4 7. Bxc4 Bb4 8. O-O O-O 9. Qe2 Qe7 10. e4 e5 11. dxe5 1/2-1/2

[Event "Borowski mem op 15'"]
[Site "Essen"]
[Date "2000.09.02"]
[Round "3"]
[White "Becker, Marcel"]
[Black "Pelletier, Yannick"]
[Result "0-1"]
[WhiteElo "2245"]
[BlackElo "2474"]
[PlyCount "60"]
[EventDate "2000.09.02"]
[Source "www.chesslib.no"]
[SourceDate "2004.05.04"]

1. d4 d5 2. c4 c6 3. Nf3 Nf6 4. Nc3 e6 5. e3 Nbd7 6. Be2 dxc4 7. Bxc4 b5 8. Bd3 Bb7 9. O-O b4 10. Ne4 Be7 11. Nxf6+ Nxf6 12. e4 O-O 13. Qe2 c5 14. dxc5 Nd7 15. c6 Bxc6 16. Be3 Bb7 17. Rfd1 Nc5 18. Bc2 Qc7 19. Rac1 Qa5 20. e5 Rfd8 21. Nd4 g6 22. Bb1 Rd5 23. Nf3 Ba6 24. Qe1 Nd3 25. Bxd3 Rxd3 26. Rxd3 Bxd3 27. Bg5 Bxg5 28. Nxg5 h6 29. Nf3 Qxa2 30. Qxb4 a5 0-1

[Event "World Open"]
[Site "Philadelphia, PA USA"]
[Date "1993.??.??"]
[Round "?"]
[White "Bisguier, Arthur B"]
[Black "Zisman, Boris"]
[Result "0-1"]
[WhiteElo "2365"]
[BlackElo "2340"]
[PlyCount "74"]
[EventDate "1993.??.??"]
[Source "www.chesslib.no"]
[SourceDate "2004.05.04"]

1. d4 d5 2. Nf3 Nf6 3. c4 e6 4. Nc3 c6 5. e3 Nbd7 6. Bd3 dxc4 7. Bxc4 c5 8. O-O Be7 9. dxc5 Bxc5 10. Qe2 O-O 11. e4 e5 12. Bg5 h6 13. Bh4 Qc7 14. Rac1 Qb8 15. Nd5 Nxd5 16. Bxd5 Qd6 17. Rfd1 Qb6 18. Rd3 Re8 19. Rb3 Qd6 20. Bxb7 Rb8 21. Bxc8 Rbxc8 22. Rbc3 Qb6 23. Bg3 Rc7 24. Qc2 f6 25. Nh4 Rec8 26. Nf5 Qe6 27. Qd1 Kh7 28. Ne3 Bd6 29. Rxc7 Rxc7 30. Rxc7 Bxc7 31. Qd5 Qe8 32. Qc6 Bb6 33. Nd5 Bd4 34. b4 Qf7 35. h3 Nf8 36. Qc7 Qg6 37. Qd6 Qxg3 0-1

[Event "Balatonlelle HUN"]
[Site "?"]
[Date "2006.06.18"]
[Round "2.22"]
[White "Pinter Jozsef"]
[Black "Kopisch Martin"]
[Result "1-0"]
[WhiteElo "2532"]
[BlackElo "2171"]
[PlyCount "63"]
[EventDate "2006.??.??"]
[Source "www.chesslib.no"]
[SourceDate "2004.05.04"]

1. d4 d5 2. c4 c6 3. Nc3 dxc4 4. e3 Nf6 5. Bxc4 e6 6. Nf3 Nbd7 7. e4 b5 8. Bd3 a6 9. e5 Nd5 10. Nxd5 cxd5 11. O-O Bb7 12. Ng5 Be7 13. Qg4 Bxg5 14. Bxg5 Qb6 15. Rac1 Rc8 16. Be3 g6 17. Bh6 Rg8 18. Qh4 Nb8 19. Rxc8+ Bxc8 20. Bg5 h5 21. Rc1 Bb7 22. Qf4 Nc6 23. Qf6 Qc7 24. a4 bxa4 25. Bxa6 Ba8 26. Bb5 Kf8 27. Bxa4 Qa5 28. Bxc6 Bxc6 29. Qe7+ Kg7 30. Bf6+ Kh6 31. Qxf7 Qd2 32. Rf1 1-0

[Event "Sautron"]
[Site "?"]
[Date "2003.10.30"]
[Round "6"]
[White "Gerard Nicolas"]
[Black "Wirig Anthony"]
[Result "1/2-1/2"]
[WhiteElo "2272"]
[BlackElo "2424"]
[PlyCount "31"]
[EventDate "2003.??.??"]
[Source "www.chesslib.no"]
[SourceDate "2004.05.04"]

1. d4 d5 2. c4 c6 3. Nf3 Nf6 4. e3 e6 5. Nc3 Nbd7 6. Bd3 dxc4 7. Bxc4 Bd6 8. e4 e5 9. Bg5 O-O 10. O-O Qe7 11. Re1 Nb6 12. dxe5 Bxe5 13. Nxe5 Qxe5 14. Bxf6 Qxf6 15. e5 Qg6 16. Bb3 1/2-1/2

[Event "Krasnodar (Russia)"]
[Site "?"]
[Date "2004.10.??"]
[Round "6"]
[White "Zakharstov Viacheslav V"]
[Black "Kiriushin Vladimir"]
[Result "1-0"]
[WhiteElo "2538"]
[BlackElo "2140"]
[PlyCount "101"]
[EventDate "2004.??.??"]
[Source "www.chesslib.no"]
[SourceDate "2004.05.04"]

1. d4 d5 2. c4 c6 3. Nf3 e6 4. e3 Nf6 5. Nc3 Nbd7 6. Bd3 dxc4 7. Bxc4 c5 8. O-O cxd4 9. exd4 Be7 10. Re1 O-O 11. Bg5 Nb6 12. Bb3 Nfd5 13. Bxe7 Nxe7 14. Qd3 Nbd5 15. Ne5 Bd7 16. Nxd5 exd5 17. Nxd7 Qxd7 18. Re5 f6 19. Re2 Ng6 20. Qf3 Rad8 21. Rae1 Nh4 22. Qh5 Ng6 23. g3 Rf7 24. Bc2 Nf8 25. Re3 b6 26. Kg2 g6 27. Qf3 Kg7 28. h4 h5 29. Qe2 Qc7 30. Bb3 Qd6 31. a3 Rdd7 32. Ba4 Rb7 33. Be8 Rfc7 34. Bb5 Rf7 35. b4 a5 36. Be8 Rfc7 37. b5 Ra7 38. Bc6 Rf7 39. Qf3 Rae7 40. Qxd5 Qxd5+ 41. Bxd5 Rxe3 42. Rxe3 Rd7 43. Bc6 Rxd4 44. Re7+ Kh6 45. Rb7 Ne6 46. Rxb6 Nc5 47. Bf3 f5 48. Rc6 Ne4 49. Bxe4 fxe4 50. Rc2 Rd3 51. Rb2 1-0

[Event "Decin op-A"]
[Site "Decin"]
[Date "1998.??.??"]
[Round "7"]
[White "Neumann, Peter"]
[Black "Volodin, Viktor"]
[Result "1-0"]
[WhiteElo "2360"]
[BlackElo "2315"]
[PlyCount "27"]
[EventDate "1998.08.??"]
[Source "www.chesslib.no"]
[SourceDate "2004.05.04"]

1. d4 d5 2. c4 e6 3. Nc3 c6 4. Nf3 Nf6 5. e3 Nbd7 6. Bd3 dxc4 7. Bxc4 h5 8. Bd3 Nb6 9. e4 h4 10. Na4 c5 11. e5 Nfd5 12. O-O cxd4 13. Re1 g6 14. Bg5 1-0

[Event "Wch U16"]
[Site "?"]
[Date "2002.11.19"]
[Round "6"]
[White "Pakleza Zbigniew"]
[Black "Filippov Anton"]
[Result "1-0"]
[WhiteElo "2382"]
[BlackElo "2292"]
[PlyCount "55"]
[EventDate "2002.??.??"]
[Source "www.chesslib.no"]
[SourceDate "2004.05.04"]

1. Nf3 Nf6 2. c4 c6 3. Nc3 d5 4. e3 e6 5. d4 Nbd7 6. Bd3 dxc4 7. Bxc4 a6 8. O-O c5 9. Bb3 cxd4 10. exd4 Nb6 11. Re1 Be7 12. Qd3 Bd7 13. Ne5 O-O 14. Bg5 Bc6 15. Bc2 g6 16. Qh3 Nh5 17. Bh6 Ng7 18. Rad1 Nd5 19. Ne4 Be8 20. Bb3 Nf6 21. Nc3 Bc6 22. Ne2 Bd5 23. Nf4 Bxb3 24. Qxb3 Qb8 25. g4 Rd8 26. Nxf7 Rf8 27. Ne5 Nxg4 28. Nxe6 1-0

[Event "Stockholm"]
[Site "Stockholm"]
[Date "1998.06.10"]
[Round "5"]
[White "Malmstig, Erik"]
[Black "Klimov, Sergey"]
[Result "0-1"]
[WhiteElo "2305"]
[BlackElo "2365"]
[PlyCount "90"]
[EventDate "1998.06.06"]
[Source "ChessBase"]
[SourceDate "1998.07.07"]

1. d4 d5 2. c4 e6 3. Nc3 c6 4. e3 Nf6 5. Nf3 Nbd7 6. Be2 dxc4 7. Bxc4 b5 8. Bb3 b4 9. Ne2 Bb7 10. O-O c5 11. Nf4 Bd6 12. Ng5 O-O 13. Nfxe6 fxe6 14. Nxe6 Qb8 15. Nxf8+ Kxf8 16. h3 Qc7 17. Qe2 Qc6 18. d5 Nxd5 19. e4 N5f6 20. Rd1 Nb6 21. f3 c4 22. Bc2 Kg8 23. Be3 Re8 24. Qf2 Bb8 25. Bd4 Nh5 26. e5 Qh6 27. Qh4 Nf4 28. Qxh6 gxh6 29. Bxb6 axb6 30. Rd7 Bc8 31. Rxh7 Bxe5 32. Rxh6 Bxb2 33. Rd1 Bg7 34. Rh4 Ne2+ 35. Kf2 Nc3 36. Bh7+ Kf7 37. Rf4+ Bf6 38. Rd6 Re6 39. Bg8+ Kxg8 40. Rxf6 Rxf6 41. Rxf6 b5 42. Rc6 Bd7 43. Rc7 Nxa2 44. Rxd7 b3 45. Rb7 b4 0-1

[Event "NOR-chT qualifier"]
[Site "?"]
[Date "2002.??.??"]
[Round "4"]
[White "Ostenstad Berge"]
[Black "Stokstad Petter Glenne"]
[Result "1-0"]
[WhiteElo "2438"]
[BlackElo "2226"]
[PlyCount "97"]
[EventDate "2002.??.??"]
[Source "www.chesslib.no"]
[SourceDate "2004.05.04"]

1. d4 d5 2. c4 c6 3. Nf3 Nf6 4. Nc3 e6 5. e3 Nbd7 6. Bd3 dxc4 7. Bxc4 c5 8. O-O a6 9. a4 Qc7 10. Qe2 Nb6 11. Bb3 Nbd5 12. e4 Nf4 13. Qc4 Ng6 14. a5 Be7 15. Ba4+ Bd7 16. b4 Bxa4 17. Rxa4 Qc6 18. dxc5 Rd8 19. Ra2 O-O 20. Re1 Rd7 21. Rd2 Rxd2 22. Bxd2 Rd8 23. Bg5 h6 24. Bxf6 gxf6 25. g3 Rd7 26. Qe2 Ne5 27. Rd1 Rxd1+ 28. Qxd1 Nxf3+ 29. Qxf3 f5 30. Qe3 Bf6 31. exf5 Bxc3 32. Qxc3 exf5 33. Qd3 Qe6 34. Kg2 Qc6+ 35. Qf3 Qb5 36. Qf4 Qc6+ 37. Kg1 Qd5 38. Qxh6 Qd1+ 39. Kg2 Qd5+ 40. Kh3 Qf3 41. Qf4 Qd5 42. f3 f6 43. Kh4 Kg7 44. h3 Kg8 45. g4 fxg4 46. hxg4 Kg7 47. g5 f5 48. Qc7+ Kg8 49. g6 1-0

[Event "Dhaka (Bangladesh)"]
[Site "?"]
[Date "2004.03.28"]
[Round "1"]
[White "Uddin Saif"]
[Black "Reefat Bin Sattar"]
[Result "0-1"]
[WhiteElo "2199"]
[BlackElo "2462"]
[PlyCount "90"]
[EventDate "2004.??.??"]
[Source "www.chesslib.no"]
[SourceDate "2004.05.04"]

1. c4 e6 2. Nc3 d5 3. d4 c6 4. e3 Nf6 5. Nf3 Nbd7 6. Bd3 dxc4 7. Bxc4 a6 8. O-O b5 9. Be2 c5 10. b3 Bb7 11. Bb2 Bd6 12. dxc5 Bxc5 13. a3 Qe7 14. b4 Bd6 15. Nd4 O-O 16. Bf3 Bxf3 17. Qxf3 Ne5 18. Qe2 Rac8 19. Nd1 Nc4 20. Bc1 Be5 21. Nb2 Nd5 22. Nxc4 bxc4 23. Qg4 Rfd8 24. Ra2 f5 25. Qf3 Nc3 26. Rc2 Bxd4 27. exd4 Nb5 28. Be3 Nxa3 29. Ra2 Nb5 30. Rxa6 c3 31. Rc6 Qd7 32. Rxc8 Rxc8 33. g4 fxg4 34. Qxg4 Qd5 35. Qf4 c2 36. Rc1 Qc4 37. Qe5 h6 38. f4 Rc6 39. Kf2 Nc3 40. b5 Nxb5 41. Rg1 Rc7 42. f5 Rf7 43. f6 Nc3 44. Bc1 Rxf6+ 45. Ke1 Qd3 0-1

[Event "TCh-AUT 1st Bundesliga 2007-8"]
[Site "Baden AUT"]
[Date "2007.12.01"]
[Round "2"]
[White "Karner, C."]
[Black "Petschar, K."]
[Result "1/2-1/2"]
[WhiteElo "2356"]
[BlackElo "2292"]
[PlyCount "60"]
[EventDate "2007.11.30"]
[Source "www.chesslib.no"]
[SourceDate "2004.05.04"]

1. d4 d5 2. c4 c6 3. Nf3 Nf6 4. Nc3 e6 5. e3 Nbd7 6. Bd3 dxc4 7. Bxc4 Bd6 8. a4 O-O 9. O-O a5 10. e4 e5 11. Bg5 h6 12. Bh4 Qc7 13. d5 Bb4 14. Qe2 Re8 15. Rac1 Qb6 16. Rfd1 Nh5 17. Bg3 Nxg3 18. hxg3 Nf6 19. Ba2 Bg4 20. Rd2 Rad8 21. Rcd1 Bh5 22. dxc6 Rxd2 23. Rxd2 Bxc3 24. bxc3 Qxc6 25. Bd5 Qxa4 26. Ra2 Qd7 27. Rxa5 Qc7 28. Rb5 Qxc3 29. Bxb7 Qa1+ 30. Qe1 Qxe1+ 1/2-1/2